Piłka nożna - Arsenal - transfery - Statystyki

Ogólne statystyki
  • Ten quiz został rozwiązany 140 razy
  • Średni wynik to 10 z 15
Statystyki odpowiedzi
miejsce kwota sezon klub oddający zawodnik % Poprawnych
1. 116,00 mln € 23/24 West Ham United Declan Rice
98%
3. 75,00 mln € 23/24 Chelsea FC Kai Havertz
84%
15. 35,00 mln € 21/22 Real Madryt Martin Odegaard
77%
2. 80,00 mln € 19/20 LOSC Lille Nicolas Pepe
72%
7. 52,20 mln € 22/23 Manchester City Gabriel Jesus
71%
10 45,00 mln € 24/25 FC Bologna Riccardo Calafiori
71%
9. 47,00 mln € 13/14 Real Madryt Mesut Ozil
69%
4. 63,50 mln € 17/18 Borussia Dortmund Pierre - Emerick Aubameyang
67%
6. 53,00 mln € 17/18 Olympique Lyon Alexandre Lacazette
64%
14. 40,00 mln € 23/24 Ajax Amsterdam Jurrien Timber
64%
8. 50,00 mln € 20/21 Atletico Madryt Thomas Partey
56%
12. 42,50 mln € 14/15 FC Barcelona Alexis Sanchez
54%
5. 58,50 mln € 21/22 Brigthon Ben White
49%
11. 45,00 mln € 16/17 Borussia Monchengladbach Granit Xhaka
39%
13. 41,00 mln € 16/17 Valencia CF Shkordan Mustafi
35%
Nie znaleziono quizów pasujących do podanych kryteriów
Rozkład punktacji
Procent ludzi z każdym wynikiem
Percentyl według liczby udzielonych odpowiedzi
Twoja historia wyników
Nie rozwiązałeś tego quizu